PPG 11 and the future of regional planning guidance (Record no. 65841)
[ view plain ]
| 000 -LEADER | |
|---|---|
| fixed length control field | 01019cam a2200205 4500 |
| 001 - CONTROL NUMBER | |
| control field | ABS63456 |
| 008 - FIXED-LENGTH DATA ELEMENTS--GENERAL INFORMATION | |
| fixed length control field | 000000n2000 000 0 eng u |
| 035 ## - SYSTEM CONTROL NUMBER | |
| System control number | (Sirsi) u110438 |
| 100 ## - MAIN ENTRY--PERSONAL NAME | |
| Personal name | Baker, M. |
| 245 ## - TITLE STATEMENT | |
| Title | PPG 11 and the future of regional planning guidance |
| 260 ## - PUBLICATION, DISTRIBUTION, ETC. | |
| Date of publication, distribution, etc. | 2000 |
| 490 ## - SERIES STATEMENT | |
| Series statement | Town & Country Planning |
| Volume/sequential designation | 69(12) December 2000, 338-340(3) |
| 520 ## - SUMMARY, ETC. | |
| Summary, etc. | Reflections on current regional planning guidance in the light of the publication of the latest edition of PPG11: "Regional Planning". Notes amendments made to the guidance since publication of the previous draft and outlines its key recommendations to strengthen the RPG process and for the improvement of RPG strategies and highlights the issues that still need to be addressed in order to achieve an effective regional planning process. |
| 590 ## - LOCAL NOTE (RLIN) | |
| Local note | ABS |
| 650 ## - SUBJECT ADDED ENTRY--TOPICAL TERM | |
| Topical term or geographic name entry element | PPG11 |
| 650 ## - SUBJECT ADDED ENTRY--TOPICAL TERM | |
| Topical term or geographic name entry element | REGIONAL PLANNING |
| 650 ## - SUBJECT ADDED ENTRY--TOPICAL TERM | |
| Topical term or geographic name entry element | REGIONAL PLANNING GUIDANCE |
| 690 ## - LOCAL SUBJECT ADDED ENTRY--TOPICAL TERM (OCLC, RLIN) | |
| Topical term or geographic name as entry element | ENVIRONMENTAL AND LAND CONSULTANCY-PLANNING AND DEVELOPMENT |
| 942 ## - ADDED ENTRY ELEMENTS (KOHA) | |
| Suppress in OPAC | 0 |
| Withdrawn status | Lost status | Source of classification or shelving scheme | Damaged status | Not for loan | Home library | Current library | Shelving location | Date acquired | Total Checkouts | Full call number | Barcode | Date last seen | Copy number | Price effective from | Koha item type |
|---|---|---|---|---|---|---|---|---|---|---|---|---|---|---|---|
| Dewey Decimal Classification | London | London | Journal article | 18/01/2001 | ABS63456 | 110438-1001 | 06/08/2019 | 1 | 06/08/2019 | Journal article |